MARC details
| 000 -CABECERA |
| campo de control de longitud fija |
00956nam a2200217 a 4500 |
| 001 - NÚMERO DE CONTROL |
| campo de control |
000037507 |
| 005 - FECHA Y HORA DE LA ÚLTIMA TRANSACCIÓN |
| campo de control |
20200930080412.0 |
| 008 - DATOS DE LONGITUD FIJA--INFORMACIÓN GENERAL |
| campo de control de longitud fija |
120420s1990 sp 001 0 spa d |
| 020 ## - NÚMERO INTERNACIONAL ESTÁNDAR DEL LIBRO |
| Número Internacional Estándar del Libro |
8400070631 |
| 040 ## - FUENTE DE LA CATALOGACIÓN |
| Centro catalogador/agencia de origen |
DO-SdBNP |
| Lengua de catalogación |
spa |
| Centro/agencia transcriptor |
BNPHU |
| 100 1# - ENTRADA PRINCIPAL--NOMBRE DE PERSONA |
| Nombre de persona |
Sáinz de la Maza Lasoli, Regina |
| 9 (RLIN) |
63712 |
| 245 13 - MENCIÓN DE TÍTULO |
| Título |
La orden de SAn Jorge de Alfama : |
| Resto del título |
aproximación a su historia / |
| Mención de responsabilidad, etc. |
Regina Sáinz de la Maza Lasoli ; con un informe arqueológico por Eulalia Sintas Martínez. |
| 260 ## - PUBLICACIÓN, DISTRIBUCIÓN, ETC. |
| Lugar de publicación, distribución, etc. |
Barcelona : |
| Nombre del editor, distribuidor, etc. |
Consejo Superior de Investigaciones Científicas, |
| Fecha de publicación, distribución, etc. |
1990. |
| 300 ## - DESCRIPCIÓN FÍSICA |
| Extensión |
XXIV, 499 P. ; |
| Dimensiones |
24 cm. |
| 490 1# - MENCIÓN DE SERIE |
| Mención de serie |
Anuario de estudios medievales. |
| -- |
Anejo ; |
| Designación de volumen o secuencia |
23 |
| 500 ## - NOTA GENERAL |
| Nota general |
Incluye índice |
| 504 ## - NOTA DE BIBLIOGRAFÍA, ETC. |
| Nota de bibliografía, etc. |
Incluye referencias bibliográficas y notas al pie de las páginas |
| 700 1# - PUNTO DE ACCESO ADICIONAL--NOMBRE DE PERSONA |
| Nombre de persona |
Sintas Martínez, Eulalia, |
| 9 (RLIN) |
63963 |
| 710 2# - PUNTO DE ACCESO ADICIONAL--NOMBRE DE ENTIDAD CORPORATIVA |
| Nombre de entidad corporativa o nombre de jurisdicción como elemento de entrada |
Consejo Superior de Investigaciones Científicas, (España) |
| 9 (RLIN) |
63834 |
| 830 #0 - PUNTO DE ACCESO ADICIONAL DE SERIE-TÍTULO UNIFORME |
| Título uniforme |
Anuario de estudios medievales. |
| Nombre de parte o sección de la obra |
Anejo ; |
| Número de parte o sección de la obra |
23 |
| 9 (RLIN) |
63964 |